000 00707nam a2200241 i 4500
001 bgj
100 1 _aBADECKA-KOZIKOWSKA, Monika
245 1 0 _aAdvance :
_bpre-intermediate : testy /
_cMonika Badecka-Kozikowska ; Radosław Brzozowski.
260 _aWarszawa :
_bWydawnictwo Szkolne PWN,
_c2002.
300 _a31 pp :
_bill. ;
_c29 cm.
490 1 _aJĘZYK ANGIELSKI
650 9 _aEnglish language
650 9 _aEnglish language
655 _aTextbooks for foreigners
655 _aExaminations, questions, etc.
830 _aJĘZYK ANGIELSKI
020 _a8371954611
040 _cBPK
041 0 _aeng
920 _a83-7195-461-1
942 _cKS
008 s uk f |000 0 eng
999 _c48941
_d48941
856 _uhttp://koha.tu.koszalin.pl/cgi-bin/koha/opac-detail.pl?biblionumber=48941
_yKatalog online BPK